Law reports of the commonwealth 1989: criminal law reports (Record no. 619710)

MARC details
000 -LEADER
fixed length control field 00559nam a2200181 4500
008 - FIXED-LENGTH DATA ELEMENTS--GENERAL INFORMATION
fixed length control field 260424b |||||||| |||| 00| 0 eng d
020 ## - INTERNATIONAL STANDARD BOOK NUMBER
ISBN 0406002762
Paper back/Hardbound hbk
041 ## - LANGUAGE CODE
Language code of text/sound track or separate title eng.
082 ## - DEWEY DECIMAL CLASSIFICATION NUMBER
Classification number 348.4704 REA
100 ## - MAIN ENTRY--AUTHOR NAME
Personal name Read,James S.
245 ## - TITLE STATEMENT
Title Law reports of the commonwealth 1989: criminal law reports
Statement of responsibility, etc /James S Read,Peter E Slinn, and Radhika Edwards.
250 ## - EDITION STATEMENT
Edition statement 1st ed.Reprint
260 ## - PUBLICATION, DISTRIBUTION, ETC. (IMPRINT)
Place of publication UK:
Name of publisher London Butterworths,
Year of publication 2004.
300 ## - PHYSICAL DESCRIPTION
Number of Pages xxxix,817p.
Dimensions ;20 cm.
650 ## - SUBJECT ADDED ENTRY--TOPICAL TERM
Topical Term Laws, regulations, cases
942 ## - ADDED ENTRY ELEMENTS (KOHA)
Koha item type English Books
Holdings
Withdrawn status Lost status Damaged status Not for loan Home library Current library Shelving location Date acquired Full call number Accession Number Price effective from Koha item type
        Anna Centenary Library Anna Centenary Library 4TH FLOOR, A WING 24.04.2026 348.4704 REA 478130 24.04.2026 English Books

Find us on the map